NBA Rising Stars Challenge MVPs - Statistics

General Stats
  • This quiz has been taken 107 times
  • The average score is 8 of 28
Answer Stats
Year Team Player % Correct
2022 DET Cade Cunningham
92%
2009 OKC Kevin Durant
56%
2012 CLE Kyrie Irving
56%
2017 DEN Jamal Murray
55%
2015 MIN Andrew Wiggins
48%
2011 WAS John Wall
47%
1997 PHI Allen Iverson
46%
2005 DEN Carmelo Anthony
42%
2020 CHA Miles Bridges
38%
1994 ORL Penny Hardaway
33%
2004 PHX Amar'e Stoudemire
32%
1996 TOR Damon Stoudamire
32%
2019 LAL Kyle Kuzma
32%
2000 CHI Elton Brand
21%
2014 DET Andre Drummond
20%
2010 SAC Tyreke Evans
20%
2016 MIN Zach LaVine
20%
2002 GS Jason Richardson
19%
2006 PHI Andre Iguodala
18%
1995 LAL Eddie Jones
15%
2003 GS Gilbert Arenas
12%
2013 DEN Kenneth Faried
11%
2001 MIN Wally Szczerbiak
9%
2007 NYK David Lee
8%
1998 CLE Zydrunas Ilgauskas
8%
2018 SAC Bogdan Bogdanovic
7%
2008 CLE Daniel Gibson
4%
2010 SAS DeJuan Blair
1%
No matching quizzes found
Score Distribution
Percent of People with Each Score
Percentile by Number Answered
Your Score History
You have not taken this quiz